书目信息 |
| 题名: |
滨州文史集萃
|
|
| 作者: | 燕钦国 主编 ;卢文芝 , 王信峰 卷主编 ;政协滨州市委 编著 | |
| 分册: | ||
| 出版信息: | 北京 中国文史出版社 2012 |
|
| 页数: | 10,493页 | |
| 开本: | 26cm | |
| 丛书名: | ||
| 单 册: | ||
| 中图分类: | K295.23 | |
| 科图分类: | ||
| 主题词: | 文化史--滨州 , 文化史--沾化县 | |
| 电子资源: | ||
| ISBN: | 978-7-5034-3268-2 | |
| 000 | 01054nam0 2200277 450 | |
| 001 | 0102724558 | |
| 005 | 20130208174950.0 | |
| 010 | @a978-7-5034-3268-2@dCNY68.00 | |
| 100 | @a20121206d2012 em y0chiy0120 ea | |
| 101 | 0 | @achi |
| 102 | @aCN@b110000 | |
| 105 | @aa z 000yy | |
| 106 | @ar | |
| 200 | 1 | @a滨州文史集萃@9Bin Zhou Wen Shi Ji Cui @f燕钦国主编@g卢文芝,王信峰[卷]主编@g政协滨州市委员会编著@b专著 |
| 210 | @a北京@c中国文史出版社@d2012 | |
| 215 | @a10,493页@c图@d26cm | |
| 330 | @a本书分为上、下两编,共15章,内容包括:上古时期沾化河海文化的底蕴、隋唐时期沾化河海文化的发展、清朝与民国时期沾化河海文化的昌达、源远流长的沾化河海文化、闻名华夏的沾化海产品等。 | |
| 606 | 0 | @a文化史@y滨州 |
| 606 | 0 | @a文化史@y沾化县 |
| 690 | @aK295.23@v5 | |
| 701 | 0 | @a燕钦国@f(1954~)@4主编@9yan qin guo |
| 702 | 0 | @a卢文芝@f(1952~)@4卷主编@9lu wen zhi |
| 702 | 0 | @a王信峰@c(公务员)@4卷主编@9wang xin feng |
| 712 | 02 | @a政协滨州市委@4编著@9Zheng xie bin zhou shi wei |
| 801 | 0 | @aCN@bAZmarc@c20230904 |
| 905 | @aBZT@dK295.23@e10@f1@sK295.23/10 | |
| 滨州文史集萃/燕钦国主编/卢文芝,王信峰[卷]主编/政协滨州市委员会编著.-北京:中国文史出版社,2012 |
| 10,493页:图;26cm |
| ISBN 978-7-5034-3268-2:CNY68.00 |
| 本书分为上、下两编,共15章,内容包括:上古时期沾化河海文化的底蕴、隋唐时期沾化河海文化的发展、清朝与民国时期沾化河海文化的昌达、源远流长的沾化河海文化、闻名华夏的沾化海产品等。 |
| ● |
| 相关链接 |
|
|
|
正题名:滨州文史集萃
索取号:K295.23/10
 
预约/预借
| 序号 | 登录号 | 条形码 | 馆藏地/架位号 | 状态 | 备注 |
| 1 | 2000031063 | 2000031063 | 旧书回溯/ [索取号:K295.23/10] | 在馆 |